00445nam a2200181Ia 4500008004100000020001800041050001400059100002000073245003600093245003500129260001500164260001600179260000900195300001400204300002700218300001000245500000800255170918s9999 xx 000 0 und d a9780590494392 bA237 1992 aAdler, David A. 2aA picture book of Jesse Owens / cillustrated by Robert Casilla. aNew York : bScholastic, c1992 aunpaged : bcolored illustration ; c20cm. a930